000 00419 a2200133 4500
001 ART_7199
005 20260410161700.0
008 260409a
245 1 0 _aDeterminantes de la tasa interbancaria de préstamos en Argentina
100 1 _aElosegui, Pedro
700 1 _aAnastasi, Alejandra
700 1 _aSangiácomo, Máximo
773 0 _tEnsayos Económicos
_g- Nº 57/58 (ene./jun. 2010)
_wREV620
999 _c15068
_d15068